| 000 | 00618nam a2200193Ia 4500 | ||
|---|---|---|---|
| 005 | 20250326142911.0 | ||
| 008 | 250326s9999 xx 000 0 und d | ||
| 020 | _a0-13-030569-3 | ||
| 037 | _aTextbook | ||
| 040 |
_aFMSL _beng _cFMSL |
||
| 041 |
_aeng _2eng |
||
| 084 |
_aX:74obD658(2:55) P0 _qFMSL |
||
| 100 |
_aCortada James W _9499195 |
||
| 245 | 0 |
_a21st century business: managing and working in the new digital Economy _cCortada James W |
|
| 260 |
_aNew Jersey _bNew Jersey, Prentice-Hall _c2000 |
||
| 300 | _axxvii,254 | ||
| 942 |
_cTB _hX:74obD658(2:55) P0 |
||
| 999 |
_c1297170 _d1297170 |
||